Score 0/20 Timer 01:30
0 Plays Today
% Correct
ένα (ena)
89.5%
τρία (tria)
78.9%
δυο (dyo)
74%
δέκα (deka)
69%
οκτώ (okto)
65.7%
πέντε (pente)
65.1%
επτά (epta)
54.9%
έξι (eksi)
54.4%
εννέα (ennea)
52.7%
δεκαπέντε (dekapente)
48.3%
% Correct
δεκατρία (dekatria)
47.8%
δώδεκα (dodeka)
46.8%
δεκαοκτώ (dekaokto)
45.9%
έντεκα (enteka)
38.9%
τέσσερα (tessera)
38.9%
δεκαέξι (dekaeksi)
38.9%
δεκαεννέα (dekaennea)
38.4%
δεκαεπτά (dekaepta)
37.9%
δεκατέσσερα (dekatessera)
34.2%
είκοσι (eikosi)
25.5%

Today's Daily Dose

Remove Ads.
Support Sporcle.
Get the best of Sporcle when you Go Orange. This ad-free experience offers more features, more stats, and more fun while also helping to support Sporcle. Thank you for becoming a member.

You're not logged in!

Compare scores with friends on all Sporcle quizzes.
OR
Log In

Show Comments

Extras

Top Quizzes Today


Score Distribution

Your Account Isn't Verified!

In order to create a playlist on Sporcle, you need to verify the email address you used during registration. Go to your Sporcle Settings to finish the process.

Report this User

Report this user for behavior that violates our Community Guidelines.

Details: